Ganadores Red Bull Batalla República Dominicana - Estadísticas

Estadísticas generales
  • Esta prueba ha sido intentada 24 veces
  • La puntuación promedio es 5 de 13
Estadísticas de respuestas
Año MC % Correcto
2020 Éxodo Lirical
83%
2021 Éxodo Lirical
83%
2015 Yenky One
56%
2016 Yenky One
56%
2018 KDT
50%
2019 Shield Master
44%
2017 Melvin La Cura
33%
2014 Mr. Junior
22%
2007 Jay-Co
17%
2008 Pope
11%
2012 Bylo Ultimatum
6%
2005 Crooklyn
0%
2006 Pablo Piddy
0%
No se encontraron pruebas coincidentes
Distribución de puntuación
Porcentaje de gente con cada puntuación
Porcentaje por número respondido
Historial de tus puntuaciones
No has intentado esta prueba.